000 00612nam a2200193 a 4500
005 20260225064011.0
008 991125s1965 bue 000 0 spa u
035 _aUPN01000049860
049 _aCG
050 4 _aB829.9
_bL3.68
100 1 _aLanteri-Laura, Georges
245 1 0 _aPsiquiatría fenomenológica :
_bfundamentos filosóficos /
_cGeorges Lanteri-Laura ; tr. Raúl Gustavo Aguirre.
260 _aBuenos Aires :
_bTroquel,
_c1965.
300 _a264 p.
440 0 _aBiblioteca el tema del hombre.
_pPsiquiatría
650 4 _aFenomenología
_97867
650 2 _aExistencialismo
_98242
905 _aLibro
999 _c49860
_d49860